Spanish for employers / (Record no. 16530)

MARC details
000 -LEADER
fixed length control field 01742cam a2200421 a 4500
001 - CONTROL NUMBER
control field 15474766
003 - CONTROL NUMBER IDENTIFIER
control field DLC
005 - DATE AND TIME OF LATEST TRANSACTION
control field 20170221160103.0
007 - PHYSICAL DESCRIPTION FIXED FIELD--GENERAL INFORMATION
fixed length control field sd fungnn|||eu
008 - FIXED-LENGTH DATA ELEMENTS--GENERAL INFORMATION
fixed length control field 081003s2009 nyu 000 0 eng
010 ## - LIBRARY OF CONGRESS CONTROL NUMBER
LC control number 2008938823
015 ## - NATIONAL BIBLIOGRAPHY NUMBER
National bibliography number GBA925484
Source bnb
015 ## - NATIONAL BIBLIOGRAPHY NUMBER
National bibliography number GBA925476
Source bnb
016 7# - NATIONAL BIBLIOGRAPHIC AGENCY CONTROL NUMBER
Record control number 014926695
Source Uk
016 7# - NATIONAL BIBLIOGRAPHIC AGENCY CONTROL NUMBER
Record control number 014926687
Source Uk
020 ## - INTERNATIONAL STANDARD BOOK NUMBER
International Standard Book Number 9780764195402 (pbk. and cd pkg.)
020 ## - INTERNATIONAL STANDARD BOOK NUMBER
International Standard Book Number 0764195409 (pbk. and cd pkg.)
020 ## - INTERNATIONAL STANDARD BOOK NUMBER
International Standard Book Number 9780764140785 (pbk.)
020 ## - INTERNATIONAL STANDARD BOOK NUMBER
International Standard Book Number 0764140787 (pbk.)
035 ## - SYSTEM CONTROL NUMBER
System control number (OCoLC)ocn246897287
040 ## - CATALOGING SOURCE
Original cataloging agency UKM
Transcribing agency UKM
Modifying agency BTCTA
-- YDXCP
-- OQX
-- DLC
041 0# - LANGUAGE CODE
Language code of text/sound track or separate title eng
-- spa
042 ## - AUTHENTICATION CODE
Authentication code lccopycat
050 00 - LIBRARY OF CONGRESS CALL NUMBER
Classification number PC4120.C6
Item number H37 2009
082 04 - DEWEY DECIMAL CLASSIFICATION NUMBER
Classification number 468.3421
Edition number 22
100 1# - MAIN ENTRY--PERSONAL NAME
Personal name Harvey, William C.
245 10 - TITLE STATEMENT
Title Spanish for employers /
Statement of responsibility, etc. William C. Harvey.
260 ## - PUBLICATION, DISTRIBUTION, ETC. (IMPRINT)
Place of publication, distribution, etc. Hauppauge, N.Y. :
Name of publisher, distributor, etc. Barron's ;
Place of publication, distribution, etc. Enfield :
Name of publisher, distributor, etc. Publishers Group UK [distributor],
Date of publication, distribution, etc. c2009.
300 ## - PHYSICAL DESCRIPTION
Extent iv, 283 p. ;
Dimensions 23 cm.
500 ## - GENERAL NOTE
General note "Managers, Foremen, Human Resources Personnel ... Communicate with Hispanic employees who speak little or no English ... Specialized vocabulary for employers and extensive English-Spanish glossary"--Cover.
505 0# - FORMATTED CONTENTS NOTE
Formatted contents note Basic skills -- The employee -- The workplace -- The training -- The difficulties -- The business.
650 #0 - SUBJECT ADDED ENTRY--TOPICAL TERM
Topical term or geographic name as entry element Spanish language
Form subdivision Conversation and phrase books (for businesspeople)
650 #0 - SUBJECT ADDED ENTRY--TOPICAL TERM
Topical term or geographic name as entry element Spanish language
Form subdivision Conversation and phrase books
General subdivision English.
650 #0 - SUBJECT ADDED ENTRY--TOPICAL TERM
Topical term or geographic name as entry element Spanish language
General subdivision Business Spanish.
650 #0 - SUBJECT ADDED ENTRY--TOPICAL TERM
Topical term or geographic name as entry element Spanish language
Form subdivision Sound recordings for English speakers.
942 ## - ADDED ENTRY ELEMENTS (KOHA)
Source of classification or shelving scheme Dewey Decimal Classification
Koha item type Libro/Book
Holdings
Withdrawn status Lost status Damaged status Not for loan Home library Current library Date acquired Total Checkouts Total Renewals Barcode Date last seen Date checked out Price effective from Koha item type Source of classification or shelving scheme Shelving location Full call number
        San Juan Del Sur -- Biblioteca San Juan Del Sur -- Biblioteca 18/07/2014 18 6 30005907 24/07/2017 17/07/2017 18/07/2014 Libro/Book      
        San Juan Del Sur -- Biblioteca San Juan Del Sur -- Biblioteca 21/02/2017 1   30024273 23/03/2018 09/03/2018 21/02/2017 Libro/Book Dewey Decimal Classification General Stacks 468.3421 Har

Powered by Koha